000
00282pab a2200133 454500
008
180718b1985 xxu||||| |||| 00| 0 eng d
245
_a
For their better tommorow
260
_c
1985
300
_a
33-4
362
_a
16 Apr.
650
_a
Youth
773
_a
Yojana
909
_a
21086
999
_c
21086
_d
21086